| 000 | 01084nam a2200265 i 4500 | ||
|---|---|---|---|
| 001 | bg | ||
| 100 | 1 | _aTRAMBACZ, Waldemar | |
| 245 | 1 | 0 |
_aNiemiecki "Kein problem!" : _bintensywny kurs do samodzielnej nauki, poziom zaawansowany / _cWaldemar Trambacz. |
| 260 |
_aWarszawa : _bSuperMemo World, _c2006. |
||
| 300 |
_a290 s. ; _c19 cm + _eCD ROM : program komputerowy, nagrania mp3. |
||
| 500 | _aWymagania systemowe mp3: dowolny odtwarzacz mp3. | ||
| 500 | _aWymagania systemowe do programu SuperMemo: procesor klasy Pentium lub nowszy, 64MB RAM,SVGA High Color 16-bitowy, rozdzielczość 800x600, napęd CD ROM, karta dźwiękowa, Windows 98 PL, 2000 PL, XP PL lub nowsze. | ||
| 650 | 9 | _aJęzyk niemiecki | |
| 655 | _aPodręczniki | ||
| 020 | _a8360199116 | ||
| 020 | _a9788360199114 | ||
| 040 | _cBPK | ||
| 041 | w | _agerpol | |
| 080 | _a811.112.2(07) | ||
| 920 | _a83-60199-11-6 | ||
| 920 | _a978-83-60199-11-4 | ||
| 942 | _cKS | ||
| 008 | s pl f |000 0 pol | ||
| 999 |
_c52134 _d52134 |
||
| 856 |
_uhttp://koha.tu.koszalin.pl/cgi-bin/koha/opac-detail.pl?biblionumber=52134 _yKatalog online BPK |
||